Работа фотоэлектрических двигателей; Интеллектуальные энергосистемы; Т. 3

Bibliografiske detaljer
Parent link:Интеллектуальные энергосистемы: труды V Международного молодёжного форума, 9-13 октября 2017 г., г. Томск/ Национальный исследовательский Томский политехнический университет (ТПУ), Энергетический институт (ЭНИН).— , 2017
Т. 3.— 2017.— [С. 211-214]
Hovedforfatter: Чурилов А. А.
Corporate Authors: МАОУ Гимназия №12, г. Томск, Национальный исследовательский Томский политехнический университет (ТПУ) Энергетический институт (ЭНИН) Кафедра электроэнергетических систем (ЭЭС)
Andre forfattere: Куренбин А. А. (научный руководитель), Курбонов С. Р., Гречушников В. В. Владислав Викторович
Summary:Заглавие с титульного экрана
Sprog:russisk
Udgivet: 2017
Serier:Мой первый шаг в науку (для школьников)
Fag:
Online adgang:http://earchive.tpu.ru/handle/11683/45974
Format: Electronisk Book Chapter
KOHA link:https://koha.lib.tpu.ru/cgi-bin/koha/opac-detail.pl?biblionumber=625797

MARC

LEADER 00000naa2a2200000 4500
001 625797
005 20231101133400.0
035 |a (RuTPU)RU\TPU\conf\25057 
035 |a RU\TPU\conf\25053 
090 |a 625797 
100 |a 20171220d2017 k y0rusy50 ca 
101 0 |a rus 
102 |a RU 
105 |a y z 101zy 
135 |a drgn ---uucaa 
181 0 |a i  
182 0 |a b 
200 1 |a Работа фотоэлектрических двигателей  |f А. А. Чурилов, А. А. Куренбин, С. Р. Курбонов  |g науч. рук. В. В. Гречушников 
203 |a Текст  |c электронный 
225 1 |a Мой первый шаг в науку (для школьников) 
230 |a 1 компьютерный файл (pdf; 348 Kb) 
300 |a Заглавие с титульного экрана 
320 |a [Библиогр.: с. 214 (10 назв.)] 
461 1 |0 (RuTPU)RU\TPU\conf\24578  |t Интеллектуальные энергосистемы  |o труды V Международного молодёжного форума, 9-13 октября 2017 г., г. Томск  |o в 3 т.  |f Национальный исследовательский Томский политехнический университет (ТПУ), Энергетический институт (ЭНИН)  |d 2017 
463 1 |0 (RuTPU)RU\TPU\conf\24584  |t Т. 3  |v [С. 211-214]  |d 2017 
610 1 |a электронный ресурс 
610 1 |a труды учёных ТПУ 
610 1 |a фотоэлектрические двигатели 
610 1 |a возобновляемые источники энергии 
610 1 |a солнечный свет 
610 1 |a вентильные двигатели 
610 1 |a реактивные двигатели 
610 1 |a вентиляторы 
700 1 |a Чурилов  |b А. А. 
701 1 |a Куренбин  |b А. А. 
701 1 |a Курбонов  |b С. Р. 
702 1 |a Гречушников  |b В. В.  |c специалист в области электроэнергетики  |c учебный мастер, ассистент Томского политехнического университета  |f 1991-  |g Владислав Викторович  |2 stltpush  |4 727 
712 0 2 |a МАОУ Гимназия №12, г. Томск 
712 0 2 |a Национальный исследовательский Томский политехнический университет (ТПУ)  |b Энергетический институт (ЭНИН)  |b Кафедра электроэнергетических систем (ЭЭС)  |h 6980  |2 stltpush  |3 (RuTPU)RU\TPU\col\18675 
801 2 |a RU  |b 63413507  |c 20180119  |g RCR 
856 4 |u http://earchive.tpu.ru/handle/11683/45974 
942 |c BK